11 titular Madrid final champions 2024-muerte súbita - Estadísticas

Estadísticas generales
  • Esta prueba ha sido intentada 343 veces
  • La puntuación promedio es 5 de 11
Answers on the Grid
Answers color-coded by a green-red scale on the quiz's grid according to % correct below.
Courtois
Mendy
Nacho
Rudiger
Carvajal
Bellingham
Kroos
Camavinga
Valverde
Rodrygo
Vinicius Jr.
Ronaldo
Benzema
Bale
Messi
Cannavaro
Lunin
Coentrao
Ozil
Alaba
Fran García
Suárez
Neymar
Lucas Vázquez
Modric
Tchouameni
Nico Paz
Guler
Vallejo
Mariano
Ibrahimovic
Oblak
 
Estadísticas de respuestas
Respuesta % Correcto
Vinicius Jr.
59%
Carvajal
57%
Courtois
55%
Valverde
52%
Kroos
48%
Rudiger
48%
Bellingham
44%
Rodrygo
40%
Mendy
31%
Nacho
27%
Camavinga
23%
No se encontraron pruebas coincidentes
Distribución de puntuación
Porcentaje de gente con cada puntuación
Porcentaje por número respondido
Historial de tus puntuaciones
No has intentado esta prueba.